O menino da Lua | Corre, corre, cabacinha (Registo nº 36316)
[ vista simples ]
| 000 -Etiqueta do registo | |
|---|---|
| Valores | 00622cam a2200229 4500 |
| 010 ## - Número ISBN | |
| ISBN | 9789722120548 |
| 021 ## - Número do Depósito Legal | |
| Código do país | Portugal |
| Número | 290594/09 |
| 100 ## - Dados gerais de processamento | |
| Dados gerais | 20100806d2009 c y0pory5003 ba |
| 101 0# - Língua de publicação | |
| Língua | Português |
| 102 ## - País de publicação | |
| País | Portugal |
| 200 1# - Titulo e menção de responsabilidade | |
| Título próprio | O menino da Lua |
| -- | Corre, corre, cabacinha |
| Primeira menção de responsabilidade | Alice Vieira |
| Outras menções de responsabilidade | il. Maria João Lopes |
| 210 ## - Publicação | |
| Local de publicação | Alfragide |
| Nome do editor | Caminho |
| Data de publicação | imp. 2009 |
| 215 ## - Descrição física | |
| Paginação / Volumes | 26, [2] p. |
| Outras indicações físicas | il |
| 225 2# - Colecção | |
| Título próprio da colecção | Histórias tradicionais portuguesas |
| 675 ## - CDU | |
| Notação | 82-93 |
| Edição | BN |
| Língua | por |
| 700 #1 - Autor principal | |
| Apelido | Vieira |
| Nome | Alice |
| 702 #1 - Autor secundário | |
| Apelido | Lopes |
| Nome | Maria João |
| Função | Ilustrador |
| ID Autoridade | 2398 |
| 801 #0 - Fonte de origem | |
| País | PT |
| Agência | CMAR |
| Regras de catalogação | RPC |
| 090 ## - Tipo de documento | |
| Koha biblioitem number (autogenerated) | 36316 |
| 990 ## - Elementos KOHA | |
| Tipo de documento | Livro |
| 994 ## - Estado da catalogação | |
| Situação | Completo |
| Situação do levantamento | Situação do extravio | Biblioteca de origem | Biblioteca de empréstimo | Código de barras | Cota | Permissão de empréstimo | Tipo de documento | Forma de aquisição |
|---|---|---|---|---|---|---|---|---|
| Completo | Biblioteca da Escola Básica de Aguiar | Biblioteca da Escola Básica de Aguiar | 834 BA | 087.5 VIE | Disponível | Livro |